[Event "CRO Ch women"]
[Site "Djurdjevac"]
[Date "2020.09.01"]
[Round "1.1"]
[White "Koksa, Jelena"]
[Black "Cvitan, Ena"]
[Result "0-1"]
[WhiteElo "1843"]
[BlackElo "2242"]
[PlyCount "56"]
[EventDate "2020.09.01"]
[EventType "swiss"]
[EventRounds "9"]
[EventCountry "CRO"]
[WhiteClock "1:31:00"]
[BlackClock "1:30:00"]

{[%evp 0,56,16,26,75,68,52,50,96,96,142,141,132,100,90,58,46,-9,18,-39,-20,-61,
-31,-35,-32,-88,9,-37,-33,-77,-82,-82,-82,-116,-125,-252,-260,-347,-257,-257,
-185,-188,-240,-320,-320,-233,-255,-637,-637,-637,-637,-648,-648,-804,-804,
-1558,-903,-903,-312]} 1. e4 c6 2. Nf3 d5 3. Nc3 Bg4 4. exd5 cxd5 5. h3 Bxf3 6.
Qxf3 e6 7. g3 Nc6 8. a3 Nf6 9. Bg2 Bd6 10. O-O Rc8 11. d3 O-O 12. Qd1 Nd4 13.
Be3 Nf5 14. g4 Nxe3 15. fxe3 Qb6 16. Qc1 d4 17. Ne4 Nxe4 18. Bxe4 dxe3 19. Kg2
f5 20. gxf5 exf5 21. Bxf5 e2 22. Rf3 Rce8 23. Qg5 e1=Q 24. Rxe1 Rxe1 25. Bxh7+
Kh8 26. Rxf8+ Bxf8 27. Qh4 Rg1+ 28. Kf3 Qf6+ 0-1

[Event "CRO Ch women"]
[Site "Djurdjevac"]
[Date "2020.09.01"]
[Round "1.2"]
[White "Saric, Kristina"]
[Black "Dejanovic, Tereza"]
[Result "1-0"]
[WhiteElo "2218"]
[BlackElo "1792"]
[PlyCount "161"]
[EventDate "2020.09.01"]
[EventType "swiss"]
[EventRounds "9"]
[EventCountry "CRO"]
[WhiteClock "1:30:00"]
[BlackClock "1:30:00"]

{[%evp 0,161,34,19,81,84,88,86,87,89,108,86,135,119,119,-13,-13,-3,-3,-19,33,
16,14,17,18,7,3,0,2,-7,3,-5,-5,-14,1,-18,-14,-33,-5,4,14,14,14,40,40,30,56,49,
57,46,45,41,46,38,41,42,46,35,38,8,36,8,28,28,29,9,46,27,19,17,22,17,49,39,49,
3,-16,-13,17,25,35,22,35,8,31,30,31,21,64,22,61,28,15,3,1,-15,-4,-5,-15,-50,
-27,-33,-4,-20,-16,-20,-7,-17,-17,-17,-10,-21,-1,-1,11,3,25,11,11,19,12,39,58,
69,33,33,36,16,16,36,39,39,74,85,101,61,50,37,72,69,271,271,330,336,336,341,
346,343,343,343,353,349,349,353,358,360,380,379,389,397,1012,29464,29987,29988]
} 1. e4 c5 2. Nf3 d6 3. d4 cxd4 4. Qxd4 Nc6 5. Bb5 a6 6. Bxc6+ bxc6 7. c4 e5 8.
Qd3 Be7 9. Nc3 Qc7 10. O-O Nf6 11. Rd1 O-O 12. Bg5 Rd8 13. Rac1 Rb8 14. b3 h6
15. Bxf6 Bxf6 16. h3 Be6 17. Qe2 Qb7 18. Na4 Be7 19. c5 f6 20. cxd6 Bxd6 21.
Nc5 Bxc5 22. Rxc5 Qb6 23. Rdc1 Rd6 24. Qc2 Rc8 25. Qc3 Qd8 26. Kh2 Qd7 27. Qa5
Qb7 28. Qa4 Qb6 29. R1c2 Kh7 30. Qa3 Rcd8 31. Qa5 Qb7 32. Rc1 Rc8 33. Qe1 Rcd8
34. Qe2 Qb6 35. Qc2 Rc8 36. Rc3 Qd8 37. b4 Qb6 38. a3 Bf7 39. Rc5 Be6 40. Qe2
Rcd8 41. R1c3 Bc8 42. Qc2 Bb7 43. Qb3 Rd1 44. Qe6 R8d6 45. Qe8 Qd8 46. Qxd8
Rxd8 47. Nh4 R1d4 48. f3 g6 49. R5c4 Rd2 50. Rc2 Rd1 51. a4 R1d7 52. Rc5 h5 53.
b5 cxb5 54. axb5 axb5 55. Rxb5 Kg7 56. Rb6 Rf7 57. Rcb2 Rdd7 58. g4 hxg4 59.
hxg4 Rc7 60. g5 Bc8 61. Rg2 Rc3 62. gxf6+ Rxf6 63. Rxg6+ Rxg6 64. Rxg6+ Kf7 65.
Kg3 Rc1 66. Rd6 Be6 67. Ng2 Rc3 68. Ne1 Bc4 69. Rc6 Rc1 70. Nd3 Rg1+ 71. Kf2
Bxd3 72. Kxg1 Bb1 73. Kf2 Ba2 74. Ke3 Be6 75. f4 exf4+ 76. Kxf4 Bh3 77. Ke5 Bg2
78. Rc7+ Kg8 79. Kf5 Bh3+ 80. Kf6 Kf8 81. Rh7 1-0

[Event "CRO Ch women"]
[Site "Djurdjevac"]
[Date "2020.09.01"]
[Round "1.3"]
[White "Muha, Magdalena"]
[Black "Medic, Mirjana"]
[Result "0-1"]
[WhiteElo "1771"]
[BlackElo "2207"]
[PlyCount "60"]
[EventDate "2020.09.01"]
[EventType "swiss"]
[EventRounds "9"]
[EventCountry "CRO"]
[WhiteClock "1:30:00"]
[BlackClock "1:30:00"]

{[%evp 0,60,58,5,33,-21,32,19,19,-26,13,9,61,-40,71,-19,24,-38,-14,-38,-14,-28,
-19,-20,-21,-42,1,-7,11,22,46,42,45,34,49,10,43,25,32,-41,17,-36,9,-22,29,17,
38,0,5,-94,-73,-267,-227,-161,-119,-130,-156,-231,-439,-439,-460,-440,-411]} 1.
d4 e6 2. c4 f5 3. g3 Nf6 4. Bg2 d5 5. Nc3 c6 6. b3 Bd6 7. Bf4 O-O 8. Qc2 Bxf4
9. gxf4 dxc4 10. e3 cxb3 11. Qxb3 Nd5 12. Rc1 Na6 13. Nf3 Nac7 14. Ne5 Nxc3 15.
Rxc3 Nd5 16. Rc5 Qb6 17. Qc4 Rd8 18. a4 a5 19. Bf3 Bd7 20. Kf1 Be8 21. Rg1 Qb4
22. Qc2 Qa3 23. Kg2 b6 24. Nc4 Qb4 25. Bxd5 cxd5 26. Rb1 bxc5 27. Rxb4 cxb4 28.
Nb6 Rab8 29. Qc5 b3 30. Qxa5 Rd6 0-1

[Event "CRO Ch women"]
[Site "Djurdjevac"]
[Date "2020.09.01"]
[Round "1.4"]
[White "Berke, Ana"]
[Black "Trgovac, Mira"]
[Result "1/2-1/2"]
[WhiteElo "2127"]
[BlackElo "1563"]
[PlyCount "99"]
[EventDate "2020.09.01"]
[EventType "swiss"]
[EventRounds "9"]
[EventCountry "CRO"]
[WhiteClock "1:30:00"]
[BlackClock "1:30:00"]

{[%evp 0,99,13,33,42,59,59,31,93,46,41,26,46,46,30,19,-2,-4,-4,-4,-3,8,-6,-29,
-25,-39,-3,-3,21,31,44,-18,-22,-21,-3,0,-5,0,19,10,16,13,56,35,60,14,17,26,48,
30,74,48,54,18,43,43,58,7,41,32,32,31,50,45,45,-18,-27,-31,-22,-33,-26,-62,-83,
-88,-86,-86,-105,-163,-96,-124,-115,-117,-98,-147,-117,-124,-98,-141,-164,-163,
-164,-164,-172,-172,-155,-178,-137,-125,-141,-132,-126,-126]} 1. e4 e6 2. d4 d5
3. Nd2 c5 4. Ngf3 cxd4 5. Nxd4 Nc6 6. Bb5 Bd7 7. Nxc6 Bxc6 8. Bxc6+ bxc6 9. O-O
Nf6 10. e5 Nd7 11. Re1 Bc5 12. Qg4 O-O 13. Nb3 Kh8 14. Nxc5 Nxc5 15. Re3 f5 16.
Qh5 Qe8 17. Qxe8 Rfxe8 18. b3 Rac8 19. Ba3 Nd7 20. Bd6 Nb6 21. Rd1 Kg8 22. h4
Kf7 23. h5 g6 24. a4 Rcd8 25. Rc3 Rc8 26. Rc5 Nd7 27. Ra5 Ra8 28. Ra6 c5 29.
hxg6+ hxg6 30. Rd3 g5 31. Rh3 Kg6 32. c3 g4 33. Rd3 f4 34. Rd1 Kf5 35. Rc6 Rec8
36. Rxc8 Rxc8 37. Re1 a5 38. Kf1 Rc6 39. Re2 Rb6 40. Rb2 Rc6 41. Re2 Rb6 42.
Rb2 Rc6 43. b4 cxb4 44. cxb4 axb4 45. Rxb4 Nxe5 46. Bxe5 Kxe5 47. a5 Ra6 48.
Ra4 d4 49. Ke2 Kd5 50. Kd3 1/2-1/2

[Event "CRO Ch women"]
[Site "Djurdjevac"]
[Date "2020.09.01"]
[Round "1.5"]
[White "Smetisko, Lucija"]
[Black "Vujnovic, Patricija"]
[Result "0-1"]
[WhiteElo "1550"]
[BlackElo "2098"]
[PlyCount "46"]
[EventDate "2020.09.01"]
[EventType "swiss"]
[EventRounds "9"]
[EventCountry "CRO"]
[WhiteClock "1:30:00"]
[BlackClock "1:30:00"]

{[%evp 0,46,6,20,20,4,38,37,29,48,55,55,55,35,109,71,77,19,72,21,8,21,22,-24,
14,-84,-84,-67,-76,-142,-127,-153,-131,-201,-107,-107,-107,-181,-173,-175,-189,
-214,-206,-259,-180,-374,-374,-428,-417]} 1. d4 Nf6 2. Bf4 e6 3. e3 b6 4. Nd2
Bb7 5. Ngf3 Be7 6. Bd3 c5 7. c3 O-O 8. Qe2 cxd4 9. cxd4 Nd5 10. Bg3 f5 11. h4
Nb4 12. Bb1 Ba6 13. Qd1 N8c6 14. Bf4 Rc8 15. Ng5 Qe8 16. g4 Nd3+ 17. Bxd3 Bxd3
18. a3 h6 19. Nxe6 dxe6 20. Qb3 Ba6 21. Qxe6+ Qf7 22. gxf5 Qxe6 23. fxe6 Nxd4
0-1

[Event "CRO Ch women"]
[Site "Djurdjevac"]
[Date "2020.09.01"]
[Round "1.6"]
[White "Blazeka, Mihaela"]
[Black "Mihaljevic, Eva"]
[Result "0-1"]
[WhiteElo "2027"]
[BlackElo "1492"]
[PlyCount "44"]
[EventDate "2020.09.01"]
[EventType "swiss"]
[EventRounds "9"]
[EventCountry "CRO"]
[WhiteClock "1:30:00"]
[BlackClock "1:30:00"]

{[%evp 0,44,20,34,49,-29,45,52,52,33,47,32,64,42,70,48,48,7,17,10,47,-4,-18,
-97,-78,-96,-87,-117,-90,-95,-90,-90,-90,-90,-66,-80,-60,-91,-169,-204,-217,
-258,-236,-267,-266,-286,-288]} 1. d4 e6 2. c4 f5 3. Nf3 Nf6 4. Nc3 Bb4 5. Bd2
O-O 6. e3 b6 7. Be2 Bb7 8. Qc2 Bxc3 9. Bxc3 Ne4 10. Bb4 d6 11. Rg1 Nd7 12. g3
Ndf6 13. Nd2 c5 14. Ba3 Nxd2 15. Qxd2 Ne4 16. Qd3 Ng5 17. Qd1 Qf6 18. f3 Qh6
19. Kd2 Qxh2 20. Kc3 Qf2 21. Qd3 Bxf3 22. Bxf3 Qxf3 0-1

[Event "CRO Ch women"]
[Site "Djurdjevac"]
[Date "2020.09.01"]
[Round "1.7"]
[White "Purkic, Ruza"]
[Black "Radikovic, Anamarija"]
[Result "0-1"]
[WhiteElo "1474"]
[BlackElo "1974"]
[PlyCount "78"]
[EventDate "2020.09.01"]
[EventType "swiss"]
[EventRounds "9"]
[EventCountry "CRO"]
[WhiteClock "1:30:00"]
[BlackClock "1:30:00"]

{[%evp 0,78,34,-8,5,2,-24,-5,33,9,5,-9,24,19,45,27,31,32,61,33,56,38,62,-22,
-18,-57,-42,-52,-10,2,15,-19,-10,-14,-11,-11,-17,0,-15,-31,-28,-50,-6,-5,48,34,
16,-31,-38,-48,-45,-55,-62,-78,-69,-73,-27,-110,-120,-120,-120,-188,-291,-181,
-153,-186,-149,-149,-134,-190,-155,-186,-141,-451,-473,-473,-473,-535,-562,
-539,-548]} 1. c4 c5 2. g3 Nf6 3. Nc3 e6 4. Nf3 Nc6 5. Bg2 Be7 6. O-O O-O 7. d4
cxd4 8. Nxd4 a6 9. a3 Qc7 10. b4 d6 11. b5 Ne5 12. bxa6 Rxa6 13. Ncb5 Qxc4 14.
Bf4 Ng6 15. Rc1 Qa4 16. Qxa4 Rxa4 17. Bxd6 Bd7 18. Bxe7 Nxe7 19. Rb1 e5 20. Nf3
Ng6 21. Nd6 e4 22. Ng5 Bc6 23. Nxb7 h6 24. Nh3 Rxa3 25. Nd6 Rd8 26. Nc4 Ra2 27.
e3 Ba4 28. Rb2 Rxb2 29. Nxb2 Bb3 30. Rb1 Rd2 31. Bf1 Ne5 32. Nd3 exd3 33. Rxb3
g5 34. Rb8+ Kg7 35. Rd8 Nfg4 36. Kg2 Nxe3+ 37. Kh1 Nxf1 38. Re8 Nf3 39. Kg2
N1xh2 0-1

[Event "CRO Ch women"]
[Site "Djurdjevac"]
[Date "2020.09.01"]
[Round "1.8"]
[White "Smetisko, Marija"]
[Black "Kovac, Petra"]
[Result "1-0"]
[WhiteElo "1924"]
[BlackElo "1371"]
[PlyCount "47"]
[EventDate "2020.09.01"]
[EventType "swiss"]
[EventRounds "9"]
[EventCountry "CRO"]
[WhiteClock "1:30:00"]
[BlackClock "1:30:00"]

{[%evp 0,47,34,6,53,53,61,18,43,59,28,124,137,155,173,166,235,183,203,176,185,
176,209,193,206,216,217,223,234,208,214,184,217,225,235,236,236,249,235,258,
276,283,287,275,437,287,294,519,519,519]} 1. e4 e5 2. Nf3 Nc6 3. Nc3 Bc5 4.
Nxe5 Nxe5 5. d4 Bxd4 6. Qxd4 Qf6 7. Nb5 Kf8 8. Qb4+ Qe7 9. Qxe7+ Nxe7 10. Nxc7
Rb8 11. Bf4 f6 12. O-O-O a6 13. Bxe5 fxe5 14. Be2 b5 15. Bg4 d6 16. Bxc8 Nxc8
17. Nxa6 Ra8 18. Nb4 Ke7 19. Rd5 Na7 20. Rhd1 Rad8 21. R1d3 Rhf8 22. f3 Rf6 23.
Ra3 Rd7 24. Rxa7 1-0

[Event "CRO Ch women"]
[Site "Djurdjevac"]
[Date "2020.09.02"]
[Round "2.2"]
[White "Radikovic, Anamarija"]
[Black "Saric, Kristina"]
[Result "1/2-1/2"]
[WhiteElo "1974"]
[BlackElo "2218"]
[PlyCount "30"]
[EventDate "2020.09.01"]
[EventType "swiss"]
[EventRounds "9"]
[EventCountry "CRO"]
[WhiteClock "1:30:00"]
[BlackClock "1:30:00"]

{[%evp 0,30,26,38,84,88,100,70,61,32,63,55,54,23,23,20,12,-4,24,-5,-1,-11,-1,
-35,-1,-23,-8,-57,-61,-86,-37,-10,19]} 1. e4 c5 2. Nf3 e6 3. d3 Nc6 4. g3 d6 5.
Bg2 Nf6 6. Nbd2 Be7 7. O-O O-O 8. Re1 Qc7 9. c3 Bd7 10. Qe2 Rac8 11. Nf1 b5 12.
h4 Rfe8 13. N3h2 b4 14. g4 bxc3 15. bxc3 Rf8 1/2-1/2

[Event "CRO Ch women"]
[Site "Djurdjevac"]
[Date "2020.09.02"]
[Round "2.3"]
[White "Medic, Mirjana"]
[Black "Smetisko, Marija"]
[Result "1-0"]
[WhiteElo "2207"]
[BlackElo "1924"]
[PlyCount "35"]
[EventDate "2020.09.01"]
[EventType "swiss"]
[EventRounds "9"]
[EventCountry "CRO"]
[WhiteClock "1:28:00"]
[BlackClock "1:30:00"]

{[%evp 0,35,17,20,20,-29,24,-23,-16,-24,-25,23,111,109,105,83,152,74,95,53,80,
22,53,49,30,279,385,382,437,431,592,627,792,807,763,587,836,800]} 1. d4 Nf6 2.
c4 g6 3. g3 d5 4. cxd5 Qxd5 5. Nf3 c5 6. Nc3 Qh5 7. dxc5 Na6 8. c6 bxc6 9. Qa4
Bb7 10. Bg2 Bg7 11. Ng5 O-O 12. Bf3 Nc5 13. Qc4 Ng4 14. Qxc5 Bxc3+ 15. Qxc3 Qh6
16. Ne6 g5 17. Nxg5 Nxh2 18. Be4 1-0

[Event "CRO Ch women"]
[Site "Djurdjevac"]
[Date "2020.09.02"]
[Round "2.4"]
[White "Mihaljevic, Eva"]
[Black "Berke, Ana"]
[Result "0-1"]
[WhiteElo "1492"]
[BlackElo "2127"]
[PlyCount "56"]
[EventDate "2020.09.01"]
[EventType "swiss"]
[EventRounds "9"]
[EventCountry "CRO"]
[WhiteClock "1:31:00"]
[BlackClock "1:30:00"]

{[%evp 0,56,17,20,41,41,88,51,66,3,-5,-73,-9,-88,1,-52,34,22,44,45,87,-13,96,
20,81,50,67,67,104,51,46,39,11,11,1,-26,-30,-53,-29,-48,-64,-91,-91,-97,-66,
-123,-96,-125,-80,-225,-225,-345,-370,-170,-371,-459,-277,-282,-454]} 1. d4 d5
2. Bf4 c5 3. e3 Nc6 4. c3 Nf6 5. Bd3 Qb6 6. Qc1 Bg4 7. Nd2 e6 8. Ngf3 Rc8 9.
O-O Be7 10. a4 a5 11. Ne5 cxd4 12. Nxc6 bxc6 13. exd4 O-O 14. h3 Bh5 15. g4 Bg6
16. Bxg6 hxg6 17. Nf3 c5 18. Qd2 Rfd8 19. Rfb1 Ne4 20. Qe2 cxd4 21. Nxd4 Bc5
22. Be3 e5 23. Nc2 d4 24. cxd4 exd4 25. Bxd4 Bxd4 26. Qxe4 Bxf2+ 27. Kh1 Rd2
28. Ne1 Bxe1 0-1

[Event "CRO Ch women"]
[Site "Djurdjevac"]
[Date "2020.09.02"]
[Round "2.5"]
[White "Trgovac, Mira"]
[Black "Blazeka, Mihaela"]
[Result "0-1"]
[WhiteElo "1563"]
[BlackElo "2027"]
[PlyCount "90"]
[EventDate "2020.09.01"]
[EventType "swiss"]
[EventRounds "9"]
[EventCountry "CRO"]
[WhiteClock "1:30:00"]
[BlackClock "1:30:00"]

{[%evp 0,90,10,10,28,-29,-12,-21,23,20,21,-8,68,56,82,56,71,8,-6,-26,-9,-3,5,
-24,-54,-54,-15,12,61,62,46,-9,-9,-45,-25,-45,-29,-67,-37,-72,-72,-63,-83,-83,
-98,-98,-87,-90,-61,-84,-80,-53,-69,-70,-59,-88,-28,-33,-21,-182,-102,-81,-251,
-204,-102,-102,-86,-96,-81,-111,-17,-17,15,-8,35,-83,-85,-112,-78,-114,47,-99,
-78,-162,-87,-142,-142,-169,-143,-196,-226,-298,-285]} 1. d4 Nf6 2. c4 e6 3.
Nf3 b6 4. g3 Bb7 5. Bg2 g6 6. O-O Bg7 7. Nc3 O-O 8. e3 d6 9. Rb1 a5 10. b3 Ne4
11. Qc2 Nxc3 12. Qxc3 c5 13. Bb2 Qf6 14. Nd2 Nc6 15. Ne4 Qe7 16. Qd2 f5 17. Nc3
cxd4 18. exd4 Nxd4 19. Na4 Bxg2 20. Kxg2 Qb7+ 21. f3 e5 22. Bxd4 exd4 23. Rfe1
Be5 24. Re2 Rab8 25. Rbe1 f4 26. g4 h5 27. h3 Qg7 28. Qd3 Qf6 29. Kh2 hxg4 30.
hxg4 Kg7 31. Rg1 Rh8+ 32. Kg2 Rh4 33. Kf1 Rh3 34. Reg2 Rg3 35. Rh1 Rxg2 36.
Kxg2 Qe7 37. Kf2 Bf6 38. Kg2 Qe3 39. Rd1 Bh4 40. Qd2 Bf6 41. Qxe3 dxe3 42. Rh1
b5 43. cxb5 Rxb5 44. Kf1 Rd5 45. Ke1 Rd2 0-1

[Event "CRO Ch women"]
[Site "Djurdjevac"]
[Date "2020.09.02"]
[Round "2.6"]
[White "Smetisko, Lucija"]
[Black "Koksa, Jelena"]
[Result "1-0"]
[WhiteElo "1550"]
[BlackElo "1843"]
[PlyCount "65"]
[EventDate "2020.09.01"]
[EventType "swiss"]
[EventRounds "9"]
[EventCountry "CRO"]
[WhiteClock "1:30:00"]
[BlackClock "1:30:00"]

{[%evp 0,65,20,21,29,27,45,25,10,-8,-8,-37,-1,-8,50,37,65,40,51,28,52,31,31,20,
25,21,45,39,39,53,62,53,53,39,126,51,71,83,92,52,61,48,53,23,-17,2,1,-80,88,15,
15,16,84,58,45,9,73,69,69,71,66,66,159,123,156,138,342,344]} 1. d4 d5 2. Bf4
Nf6 3. e3 e6 4. c3 Bd6 5. Bg3 c5 6. Nd2 Qc7 7. Ngf3 Nbd7 8. Bd3 b6 9. e4 Bxg3
10. hxg3 dxe4 11. Nxe4 Bb7 12. Qe2 Nxe4 13. Bxe4 Nf6 14. Qb5+ Ke7 15. Bxb7 Qxb7
16. O-O-O Rac8 17. Rhe1 Nd5 18. Kb1 c4 19. Re5 a6 20. Qa4 b5 21. Qc2 b4 22.
cxb4 c3 23. Rde1 Rhd8 24. a3 cxb2 25. Qxb2 Nc3+ 26. Ka1 Nd5 27. Nd2 Qc7 28. Nb3
Qc3 29. Nc5 Qxb2+ 30. Kxb2 a5 31. Nb7 Rd7 32. Nxa5 Rdc7 33. Rxd5 1-0

[Event "CRO Ch women"]
[Site "Djurdjevac"]
[Date "2020.09.02"]
[Round "2.7"]
[White "Dejanovic, Tereza"]
[Black "Purkic, Ruza"]
[Result "1-0"]
[WhiteElo "1792"]
[BlackElo "1474"]
[PlyCount "77"]
[EventDate "2020.09.01"]
[EventType "swiss"]
[EventRounds "9"]
[EventCountry "CRO"]
[WhiteClock "1:30:00"]
[BlackClock "1:30:00"]

{[%evp 0,77,21,6,100,18,66,66,103,30,30,54,71,87,87,77,77,60,52,-26,-2,-6,9,10,
50,63,63,53,58,18,18,-21,0,-32,13,-38,16,-15,-15,-197,70,18,45,12,105,-229,
-146,-146,-94,-104,-27,-133,-92,-92,-92,-87,196,-87,63,71,128,141,186,185,217,
208,219,498,498,498,541,752,784,538,538,601,1032,1097,1097,1097]} 1. e4 c5 2.
c3 g6 3. d4 cxd4 4. cxd4 d5 5. e5 Bg7 6. Nf3 Nc6 7. Nc3 Nh6 8. h3 O-O 9. Qb3
Nf5 10. Be3 e6 11. Bd3 Nh4 12. Nxh4 Qxh4 13. g3 Qd8 14. f4 f6 15. Ke2 Bd7 16.
h4 Qe7 17. a3 b6 18. h5 fxe5 19. fxe5 Bxe5 20. dxe5 d4 21. hxg6 hxg6 22. Rh4
dxe3 23. Rah1 Rf2+ 24. Ke1 Qg7 25. Ne4 Nxe5 26. Rh8+ Qxh8 27. Rxh8+ Kxh8 28.
Nxf2 exf2+ 29. Kxf2 Ng4+ 30. Ke1 Kh7 31. Qb4 Ne5 32. Qe7+ Kh6 33. Qh4+ Kg7 34.
Qd4 Rd8 35. Qxe5+ Kf7 36. Qd6 g5 37. Bb5 Ke8 38. Qxe6+ Kf8 39. Bxd7 1-0

[Event "CRO Ch women"]
[Site "Djurdjevac"]
[Date "2020.09.02"]
[Round "2.8"]
[White "Kovac, Petra"]
[Black "Muha, Magdalena"]
[Result "0-1"]
[WhiteElo "1371"]
[BlackElo "1771"]
[PlyCount "110"]
[EventDate "2020.09.01"]
[EventType "swiss"]
[EventRounds "9"]
[EventCountry "CRO"]
[WhiteClock "1:30:00"]
[BlackClock "1:30:00"]

{[%evp 0,110,21,6,54,46,64,52,82,-17,32,6,19,-21,32,-17,35,24,54,35,24,54,32,
37,47,15,40,36,115,134,134,118,105,105,129,116,159,183,183,142,142,129,177,151,
166,174,176,197,195,130,129,114,145,138,124,135,170,173,157,144,144,138,154,
127,117,117,119,77,54,64,86,79,105,32,52,4,9,9,9,9,41,16,42,-25,-28,-35,-33,
-33,-33,-49,-39,-30,-35,-37,-11,-1,-570,-608,-904,-962,-962,-992,-1002,-1002,
-1011,-1011,-1011,-1012,-982,-1011,-1013,-1012,-1011]} 1. e4 e6 2. d4 d5 3. e5
c5 4. c3 Nc6 5. Nf3 Bd7 6. Bd3 Rc8 7. O-O cxd4 8. cxd4 Nb4 9. Nc3 Nxd3 10. Qxd3
Bb4 11. Bd2 Ne7 12. Rfe1 h6 13. Nb5 Bxd2 14. Nd6+ Kf8 15. Nxd2 Rc7 16. Qf3 Be8
17. Nb3 Nc8 18. Nc5 Qe7 19. Ncxb7 Rxb7 20. Nxc8 Qd7 21. Qc3 Rc7 22. Qb4+ Kg8
23. Nd6 Qc6 24. Nxe8 Qxe8 25. Rec1 Qc8 26. Rc5 Kh7 27. Rac1 Rb7 28. Qd2 Qd7 29.
Qc2+ g6 30. Rc7 Qb5 31. Rxb7 Qxb7 32. Qc7 Rb8 33. Qxb7 Rxb7 34. b3 g5 35. f3
Kg6 36. g4 Rb4 37. Rd1 a5 38. Kf2 a4 39. Rd3 f6 40. exf6 Kxf6 41. bxa4 Rb2+ 42.
Kg3 Rxa2 43. h4 Rxa4 44. hxg5+ hxg5 45. Kf2 e5 46. Ke3 exd4+ 47. Rxd4 Rxd4 48.
Kxd4 Ke6 49. Ke3 Ke5 50. f4+ gxf4+ 51. Kf3 d4 52. g5 d3 53. g6 Kf6 54. g7 Kxg7
55. Kf2 Kf6 0-1

[Event "CRO Ch women"]
[Site "Djurdjevac"]
[Date "2020.09.02"]
[Round "3.1"]
[White "Saric, Kristina"]
[Black "Medic, Mirjana"]
[Result "0-1"]
[WhiteElo "2218"]
[BlackElo "2207"]
[PlyCount "112"]
[EventDate "2020.09.01"]
[EventType "swiss"]
[EventRounds "9"]
[EventCountry "CRO"]
[WhiteClock "1:29:00"]
[BlackClock "1:30:00"]

{[%evp 0,112,58,31,58,14,14,19,49,29,24,13,-24,-1,-13,-1,-1,-1,38,9,30,24,27,
24,71,36,36,0,77,78,91,62,54,54,78,69,78,62,77,-6,50,25,98,92,186,-5,13,-56,
-40,-40,-10,-19,21,-10,1,43,43,34,172,30,35,45,55,12,23,9,27,15,19,-79,-55,-63,
-52,-55,-22,-22,29,-8,25,-4,-4,-23,3,-12,-16,-21,-14,-21,-2,-20,40,-53,133,78,
83,83,100,54,54,40,61,51,220,46,42,40,0,11,30,-56,-68,-187,-148,-362,-336]} 1.
e4 e6 2. d4 d5 3. Nd2 Nf6 4. e5 Nfd7 5. Bd3 c5 6. c3 Nc6 7. Ne2 cxd4 8. cxd4 f6
9. exf6 Nxf6 10. Nf3 Bd6 11. O-O Qc7 12. Bg5 O-O 13. Rc1 Nh5 14. Qc2 h6 15. Bg6
Nf4 16. Bxf4 Bxf4 17. Nxf4 Qxf4 18. Qc3 Bd7 19. Bb1 Rad8 20. Qd3 Rf6 21. Qh7+
Kf8 22. Rxc6 Bxc6 23. Qh8+ Ke7 24. Qxg7+ Rf7 25. Qg6 Rf6 26. Qh7+ Rf7 27. Qd3
Rg7 28. Ne5 Kd6 29. g3 Kc7 30. Qc3 Qf8 31. Qe3 Bb5 32. Rc1+ Kb8 33. Rc5 a6 34.
Ng6 Qf6 35. Nf4 Re7 36. Ng6 Ree8 37. Ne5 Qg7 38. Bg6 Rf8 39. Bd3 Bxd3 40. Qxd3
h5 41. h4 Rc8 42. b4 Rc7 43. a4 Rf5 44. Qc3 a5 45. b5 b6 46. Rc6 Kb7 47. Kg2
Rf8 48. Qa3 Rxc6 49. bxc6+ Kc7 50. Qb2 Ra8 51. Qe2 Qh7 52. f3 Qb1 53. Nd3 Re8
54. g4 Kxc6 55. Nb2 Kb7 56. Kg3 Qg1+ 0-1

[Event "CRO Ch women"]
[Site "Djurdjevac"]
[Date "2020.09.02"]
[Round "3.2"]
[White "Berke, Ana"]
[Black "Cvitan, Ena"]
[Result "1-0"]
[WhiteElo "2127"]
[BlackElo "2242"]
[PlyCount "139"]
[EventDate "2020.09.01"]
[EventType "swiss"]
[EventRounds "9"]
[EventCountry "CRO"]
[WhiteClock "1:29:00"]
[BlackClock "1:30:00"]

{[%evp 0,139,13,13,75,63,63,28,76,-6,47,13,-1,-37,1,-68,-10,-10,44,-57,-28,-26,
-1,-17,8,-3,69,18,73,73,126,115,115,102,106,75,75,65,65,65,65,61,77,77,82,92,
117,108,99,86,146,118,147,133,180,200,274,279,280,280,291,252,267,299,299,242,
289,249,257,270,291,276,349,300,270,258,310,296,328,326,380,335,332,321,350,
328,354,348,350,310,369,376,410,425,425,387,460,454,488,479,532,442,457,442,
451,489,509,469,552,375,518,505,534,528,541,513,599,623,755,1015,1015,808,1258,
1014,972,564,1014,588,645,468,556,462,578,497,611,613,1180,1138,1157,946,1968,
2186]} 1. e4 c6 2. d4 d5 3. exd5 cxd5 4. c4 Nf6 5. Nc3 Nc6 6. Bg5 Be6 7. a3 g6
8. Bxf6 exf6 9. Be2 Bh6 10. Bf3 Ne7 11. c5 b6 12. Nge2 g5 13. g3 Bh3 14. Qb3 g4
15. Bxd5 Nxd5 16. Qxd5 Qxd5 17. Nxd5 Bg2 18. Nxf6+ Ke7 19. Nxg4 Bxh1 20. Nxh6
bxc5 21. dxc5 Rhb8 22. O-O-O Bf3 23. Nf5+ Kf6 24. Nfd4 Bh5 25. f3 Rc8 26. c6
Kg7 27. Nf4 Bxf3 28. Nxf3 Rxc6+ 29. Kb1 Rb8 30. Nd4 Rcb6 31. b4 Kf8 32. Kb2 Kg8
33. b5 Rd6 34. Rd3 h5 35. a4 h4 36. Kb3 hxg3 37. hxg3 a6 38. Kb4 axb5 39. axb5
Kh7 40. Nfe2 Kg6 41. Rc3 Kg5 42. Rc7 f5 43. Kc4 Rh6 44. Rc6 Rhh8 45. b6 Rhg8
46. Kb5 Kg4 47. Rc7 Rg6 48. b7 Rgg8 49. Kb6 Rbe8 50. Rc5 Rgf8 51. Rc6 Rg8 52.
Rf6 Re5 53. Ka7 Rg7 54. Rxf5 Re8 55. Rb5 Rh7 56. Ka6 Rhh8 57. Rb2 Rh6+ 58. Rb6
Rhh8 59. Rg6+ Kh3 60. Nf4+ Kh2 61. Nf3+ Kh1 62. Nd4 Kh2 63. Nc6 Re3 64. g4 Kg3
65. Nd5 Re4 66. Nde7 Ra4+ 67. Kb5 Ra1 68. Nc8 Rb1+ 69. Nb4 Rh5+ 70. gxh5+ 1-0

[Event "CRO Ch women"]
[Site "Djurdjevac"]
[Date "2020.09.02"]
[Round "3.3"]
[White "Vujnovic, Patricija"]
[Black "Radikovic, Anamarija"]
[Result "1-0"]
[WhiteElo "2098"]
[BlackElo "1974"]
[PlyCount "73"]
[EventDate "2020.09.01"]
[EventType "swiss"]
[EventRounds "9"]
[EventCountry "CRO"]
[WhiteClock "1:30:00"]
[BlackClock "1:30:00"]

{[%evp 0,73,13,13,54,100,100,49,79,28,50,14,64,0,19,1,23,18,18,6,0,-19,23,31,
31,19,19,1,60,12,14,7,-1,-1,-2,1,13,5,29,9,41,15,15,-7,-7,0,7,-1,9,-11,27,28,
49,27,47,17,21,-6,40,36,201,112,229,273,314,264,548,120,187,175,214,239,596,
611,743,734]} 1. e4 c5 2. Nc3 Nc6 3. Bb5 g6 4. Bxc6 bxc6 5. d3 Bg7 6. f4 d6 7.
Nf3 Nh6 8. O-O O-O 9. Qe1 Rb8 10. Rb1 Qb6 11. h3 f5 12. e5 Nf7 13. Bd2 Nd8 14.
Na4 Qa6 15. b3 Ne6 16. Qf2 Bd7 17. Rbe1 Rbe8 18. Kh1 Bc8 19. Re2 Bh6 20. Qh4
Bg7 21. Ng5 Nxg5 22. Qxg5 Be6 23. Rfe1 Qc8 24. c4 Qd7 25. Bc3 Qc8 26. Bb2 Qd7
27. Re3 Qc8 28. h4 Kh8 29. h5 gxh5 30. Rg3 Rg8 31. Qxh5 d5 32. Rh3 h6 33. Ree3
Bf8 34. Reg3 Rxg3 35. Rxg3 Bg7 36. Nxc5 Rg8 37. Rg6 1-0